000 00464nam a2200145Ia 4500
008 230917s9999||||xx |||||||||||||| ||und||
040 _e45788
_aMAIN
041 _aEnglish
082 _a200.1 F314R
100 _aFeaver, J Clayton, ed
245 0 _aReligion in philosophical & cultural perspective: a new approach to the philosophy of religion through cross-disciplinary studies
260 _aNew Delhi
_bEast-West
_c1971
300 _axiv, 504 p.
942 _cBK
999 _c187539
_d187539